000 00412nam a2200181Ia 4500
005 20250423100211.0
008 250422s9999 xx 000 0 und d
020 _a0070255717
050 _aTK 888.3 .H314/
100 _aHall, Douglas V.
245 0 _aMicroprocessors and digital systems
260 _aTokyo
260 _bMcGraw-Hill
260 _c1982
300 _a426 p
650 _aEE
942 _cBK
999 _c32586
_d32586